000 00299nam a22001337a 4500
008 170622b xxu||||| |||| 00| 0 eng d
020 _a066908901X
041 _aeng
080 _a32
100 _a20
101 _aSHP
245 _aEUROPEAN POLITICS IN TRANSITION
_cALLEN, CH.S
942 _2udc
_cBK
999 _c18623
_d18623